Shame in the blood: a novel

Shranjeno v:
Bibliografske podrobnosti
Glavni avtor: Miura, Tetsuo (autor)
Format: Knjiga
Jezik:angleščina
Izdano: Berkeley Shoemaker Hoard 2007
Teme:
Oznake: Označite
Brez oznak, prvi označite!

MARC

LEADER 00000nam a2200000 a 4500
001 UCH0744
003 CL-VaPUC
008 090326e20070000US |||||||||||||||||eng|d
020 |a 9781593761714 
082 0 4 |a 895.603  |b MIU  |2 21 
100 |a Miura, Tetsuo  |e autor  |9 535050 
245 1 0 |a Shame in the blood: a novel 
300 |a 216 p 
942 |c BK 
945 |d 20090326 00:00:00  |a rbrito 
260 |a Berkeley  |b Shoemaker Hoard  |c 2007 
650 7 |a NOVELAS JAPONESAS  |2 CL-VaPUC  |9 535051 
583 |a last modification  |c 20140403 05:08:58  |k Rodrigo Vera 
999 |c 332987  |d 332985 
952 |0 0  |1 0  |4 0  |6 895_603000000000000_MIU_2007  |7 0  |8 A  |9 421094  |a BIBGIM  |b BIBGIM  |d 2019-11-22  |i 4524837  |o 895.603 MIU 2007  |p 4524837  |r 2025-01-15  |w 2019-11-22  |y BK  |k ORI